Представление документа в формате MARC21

Поле Инд. ПП Название Значение
Тип записи a
Библиографический уровень m
001 Контрольный номер RU/IS/BASE/191350477
005 Дата корректировки 20230216093146.0
020 00 a ISBN 985-438-217-6
040 b Код языка каталог. rus
041 0_ a Код языка текста rus
080 00 a Индекс УДК 004.42
084 a Индекс другой классификации/Индекс ББК 32.973.26-018.2
090 00 a Полочн. индекс 681.3
x Авторский знак К77
097 b Оператор 11
100 10 a Автор Крайсл Б.
245 00 a Заглавие Изучи сам Lotus Notes
260 00 a Место издания Мн.
b Издательство Попурри
c Дата издания 1998
300 00 a Объем 432 с.
b Иллюстрации/ тип воспроизводства ил.
e Сопроводительные материалы дискета
510 0_ a Примечание о ссылках Книги и методические пособия
650 04 a Основная рубрика 50.41 Программное обеспечение вычислительных машин, комплексов и сетей
x Основная подрубрика 50.41.25 Прикладное программное обеспечение
653 0_ a Ключевые слова Lotus; программы (выч. техника); прикладные программы
901 t Тип документа m